000 01567cam a2200373 i 4500
999 _c7459
_d7459
005 20200309090522.0
008 180427s2018 ii ab b 001 0 eng d
010 _a 2017353313
020 _a9789386552822
_q(hardback)
020 _z9789386552839
_q(POD)
020 _a9386552825
025 _aI-E-2017353313; 60-92; 61-92; 49-92
035 _a(OCoLC)on1032696310
035 _a(OCoLC)1032696310
037 _bLibrary of Congress -- New Delhi Overseas Office
040 _aDKAGE
_beng
_erda
_cDKAGE
_dDLC
042 _alccopycat
_alcode
043 _aa-ii---
050 0 0 _aQH183
_b.S57 2018
082 _a577.6609541
_bSIN
100 1 _aSingh, Vipul,
_d1969-
_eauthor.
245 1 0 _aSpeaking rivers :
_benvironmental history of a mid-Ganga flood country, 1540-1885 /
_cVipul Singh.
300 _axxiv, 228 pages :
_billustrations (black and white), maps (black and white) ;
_c24 cm
504 _aIncludes bibliographical references (pages 201-222) and index.
650 0 _aFloodplain ecology
_zGangetic Plain (India and Bangladesh)
_xHistory.
650 0 _aFloodplain ecology
_zIndia
_zBihar
_xHistory.
650 0 _aStream ecology
_xEconomic aspects
_zGangetic Plain (India and Bangladesh)
650 0 _aStream ecology
_xEconomic aspects
_zBihar.
650 0 _aEnvironmental policy
_zIndia
_zGangetic Plain (India and Bangladesh)
650 0 _aEnvironmental policy
_zIndia
_zBihar.
906 _a7
_bcbc
_ccopycat
_d3
_encip
_f20
_gy-gencatlg
942 _2ddc